000 00966nam a22002177a 4500
999 _c57037
_d57037
003 Ge_BSU
005 20191030141904.0
008 191030s2009 ge ||||| |||| 00| 0 geo d
020 _a9789941141690
041 _ageo
080 _a51(075.8) თ-77
100 _aთოფურია, ს.
_95102
245 _aუმაღლესი მათემატიკის მოკლე კურსი : სახელმძღვ. სტუდ. /
_cს. თოფურია, ვ. ხოჭოლავა, ნ. მაჭარაშვილი ; ს. თოფურიას რედ.
264 _aთბილისი :
_bტექნ. უნ-ტი,
_c2009.
300 _a476გვ. ;
_c 20 სმ.
653 _aუმაღლესი მათემატიკა
653 _aმათემატიკა
700 _aხოჭოლავა, ვ
_91493
700 _aმაჭარაშვილი, ნ
_91495
942 _2udc
_cBK